Inflation hedging for long-term investors

Bibliographic Details
Main Author: Attie, Alexander P.
Corporate Authors: International Monetary Fund. Finance Dept., ProQuest (Firm)
Other Authors: Roache, Shaun K.
Format: Electronic eBook
Language:English
Published: [Washington, DC] : International Monetary Fund, Finance Dept., c2009.
Series:IMF working paper ; WP/09/90.
Subjects:
Online Access:Click to View
LEADER 01443nam a2200385Ia 4500
001 EBC1608263
003 MiAaPQ
005 20200520144314.0
006 m o d |
007 cr cn|||||||||
008 100303s2009 dcua sb 000 0 eng d
035 |a (MiAaPQ)EBC1608263 
035 |a (Au-PeEL)EBL1608263 
035 |a (CaPaEBR)ebr10369254 
035 |a (CaONFJC)MIL284310 
035 |a (OCoLC)586098021 
040 |a MiAaPQ  |c MiAaPQ  |d MiAaPQ 
050 4 |a HG4529.5  |b .A885 2009 
100 1 |a Attie, Alexander P. 
245 1 0 |a Inflation hedging for long-term investors  |h [electronic resource] /  |c prepared by Alexander P. Attie and Shaun K. Roache. 
260 |a [Washington, DC] :  |b International Monetary Fund, Finance Dept.,  |c c2009. 
300 |a 37 p. :  |b ill. 
490 1 |a IMF working paper ;  |v WP/09/90 
500 |a "April 2009". 
504 |a Includes bibliographical references. 
533 |a Electronic reproduction. Ann Arbor, MI : ProQuest, 2015. Available via World Wide Web. Access may be limited to ProQuest affiliated libraries. 
650 0 |a Hedging (Finance) 
650 0 |a Inflation (Finance) 
650 0 |a Risk. 
655 4 |a Electronic books. 
700 1 |a Roache, Shaun K. 
710 2 |a International Monetary Fund.  |b Finance Dept. 
710 2 |a ProQuest (Firm) 
830 0 |a IMF working paper ;  |v WP/09/90. 
856 4 0 |u https://ebookcentral.proquest.com/lib/matrademy/detail.action?docID=1608263  |z Click to View